000 00844cam a22002414a 4500
008
020 _a9781138072916 (pbk.)
049 _aMAIN
090 _aGE45.R44
_bADV
245 0 0 _aAdvances in environmental remote sensing :
_bsensors, algorithms, and applications/
_cedited by Qihao Weng.
260 _aBoca Raton :
_bCRC Press,
_cc2011.
300 _axxii, 556 p. :
_bill. (some col.), maps (some col.) ;
_c26 cm.
490 0 _aTaylor & Francis series in remote sensing applications series
500 _aIncludes index.
504 _aIncludes bibliographical references.
650 0 _aEnvironmental sciences
_xRemote sensing.
700 1 _aWeng, Qihao.
907 _a.b10392518
_b20-09-18
_c20-09-18
003
005 20230123141124.0
040 _cNUST
942 _cBOOKS
_kGE45.R44
_mADV
999 _c168073
_d168073